Les 15 joueurs les plus sélectionnés en Equipe de France (football) - Statistiques

Statistiques générales
  • Ce quiz a été pris 7 187 fois
  • Le résultat moyen est 9 sur 15
Statistiques - réponses
Carrière Sélections Joueur % Correct
1994 - 2006 108 Zinédine Zidane
95%
2008 - 90 Hugo Lloris
91%
1997 - 2010 123 Thierry Henry
89%
1994 - 2008 142 Lilian Thuram
80%
1989 - 2000 103 Didier Deschamps
77%
1994 - 2006 87 Fabien Barthez
71%
1989 - 2000 97 Laurent Blanc
71%
1993 - 2004 116 Marcel Desailly
64%
2007 - 81 Karim Benzema
63%
1992 - 2004 97 Bixente Lizarazu
58%
1997 - 2009 107 Patrick Vieira
58%
1993 - 2002 82 Youri Djorkaeff
37%
1999 - 2006 92 Sylvain Wiltord
23%
2002 - 2010 84 William Gallas
21%
1982 - 1992 82 Manuel Amoros
11%
Aucun quiz correspondant
Distribution des résultats
% des personnes avec chaque résultat
Percentile par nombre de réponses
Votre historique - résultats
Vous n’avez pas pris ce quiz